EXETER Tracklist (Bladee) - Statistics

General Stats
  • This quiz has been taken 10 times
  • The average score is 8 of 9
Answer Stats
Hint Answer % Correct
6 DNA RAIN
100%
8 LOVESTORY
100%
4 RAIN3OW STAR (LOVE IS ALL)
100%
2 WONDERLAND
100%
3 MERRY-GO-ROUND
89%
5 EVERY MOMENT SPECIAL
78%
1 MIRROR (HYMN) - INTRO
78%
7 OPEN SYMBOLS (PLAY) BE IN YOUR MIND
78%
9 IMAGINARY
67%
No matching quizzes found
Score Distribution
Percent of People with Each Score
Percentile by Number Answered
Your Score History
You have not taken this quiz